Statistiques concernant Nommez un Pays A-Z - Avec chaque nombre de lettres

Cliquez ici pour prendre le quiz!

Statistiques générales

  • Ce quiz a été pris 785 fois
    (729 depuis la dernière actualisation)
  • Le résultat moyen est 73 sur 116

Statistiques - réponses

InitialeNombre de lettresPays ValidesPays% Correct
A7Albanie/Algérie/Andorre/Arménie
94%
A9Allemagne/Argentine/Australie
91%
F6France
89%
I4Inde/Irak/Iran
84%
P8Pakistan/Paraguay/Portugal
84%
Y5Yémen
84%
C5Chili/Chine
84%
Z8Zimbabwe
83%
V7Vanuatu/Vatican/Viêt Nam
83%
R6Russie/Rwanda
83%
E7Espagne/Estonie
82%
B7Bahamas/Bahreïn/Barbade/Bhoutan/Bolivie/Burundi
82%
E8Équateur/Érythrée/Eswatini/Éthiopie
80%
R17République du Congo/République Tchèque
80%
C6Canada/Chypre
80%
F8Finlande
80%
B8Belgique/Birmanie/Botswana/Bulgarie
80%
Z6Zambie
79%
C8Cambodge/Cameroun/Colombie
78%
U7Ukraine/Uruguay
77%
B6Belize/Brésil/Brunei
77%
R29République Démocratique du Congo
77%
S5Samoa/Suède/Syrie
77%
S6Serbie/Soudan/Suisse
76%
I6Israël/Italie
76%
A11Afghanistan/Azerbaïdjan
76%
G5Gabon/Ghana/Grèce
76%
M10Madagascar/Mauritanie/Monténégro/Mozambique
76%
Q5Qatar
75%
D8Danemark/Djibouti
75%
V9Venezuela
75%
S8Salvador/Slovénie/Sri Lanka/Suriname
74%
N5Nauru/Népal/Niger
73%
M5Malte/Maroc
73%
M8Malaisie/Maldives/Moldavie/Mongolie
72%
G6Gambie/Guinée/Guyana
72%
N7Namibie/Nigeria/Norvège
72%
J8Jamaïque/Jordanie
72%
T7Tunisie/Turquie
71%
O4Oman
71%
J5Japon
69%
C7Cap-Vert/Comores/Croatie
68%
T4Togo
68%
K6Kosovo/Koweït
68%
L8Lettonie/Lituanie
67%
L5Liban/Libye
67%
L4Laos
67%
F5Fidji
67%
E9États-Unis
67%
I7Irlande/Islande
66%
M4Mali
66%
B11Biélorussie/Burkina Faso
65%
T5Tchad/Tonga
65%
H7Hongrie
65%
S11Sainte-Lucie/Sierra Leone/Soudan du Sud
64%
H8Honduras
64%
K10Kazakhstan
64%
C4Cuba
64%
P5Pérou
63%
M7Maurice/Mexique
63%
C11Corée du Nord/Côte d'Ivoire
63%
T12Turkménistan
62%
I9Indonésie
62%
O11Ouzbékistan
61%
T6Taïwan/Tuvalu
61%
P6Palaos/Panama
60%
G7Géorgie/Grenade
59%
P7Pays-Bas/Pologne
59%
T11Tadjikistan
58%
M6Malawi/Monaco
57%
C10Corée du Sud
57%
K5Kenya
57%
P23Papouasie-Nouvelle-Guinée
57%
A12Afrique du Sud
57%
S9Singapour/Slovaquie
57%
K12Kirghizistan
57%
H5Haïti
56%
R8Roumanie
55%
A6Angola
55%
O7Ouganda
55%
N15Nouvelle-Zélande
55%
B5Bénin
55%
G9Guatemala
54%
S10Saint-Marin/Seychelles
54%
S7Sénégal/Somalie
54%
A8Autriche
53%
G17Guinée Équatoriale
52%
R10Royaume-Uni
52%
L10Luxembourg
52%
A14Arabie Saoudite
51%
A16Antigua-et-Barbuda
51%
E6Égypte
51%
G12Guinée-Bissau
51%
L7Lesotho/Liberia
51%
S27Saint-Vincent-et-les-Grenadines
50%
R21République Dominicaine
49%
T8Tanzanie
49%
E17Émirats Arabes Unis
49%
L13Liechtenstein
48%
S23Saint-Christophe-et-Niévès
47%
R24République Centrafricaine
47%
T15Trinité-et-Tobago
45%
I12Îles Marshall
44%
T9Thaïlande
44%
E24États Fédérés de Micronésie
44%
K8Kiribati
44%
B17Bosnie-Herzégovine
43%
N9Nicaragua
43%
B10Bangladesh
43%
C9Costa Rica
42%
P11Philippines
41%
D9Dominique
39%
S17São Tomé-et-Principe
38%
T13Timor Oriental
37%
M15Macédoine du Nord
36%
I11Îles Salomon
36%

Distribution des résultats

Percentile par nombre de réponses

% des personnes avec chaque résultat

Votre développement - résultats

Vous n’avez pas pris ce quiz depuis la dernière actualisation